Националният въпрос на Балканите (Запис номер 7741)
[ съкратено ]
| 000 -Лидер | |
|---|---|
| Контролно поле с фиксирана дължина | 01418nam a2200361 c 4500 |
| 003 - Код на организацията, давaща контролен номер | |
| Контролно поле | BLK |
| 005 - Дата и час на последна редакция | |
| Контролно поле | 20220930124408.0 |
| 008 - Елементи от данни с фиксирана дължина | |
| fixed length control field | 180412b bul|||||r ||||||| ||bul|| |
| 010 ## - Наследен системен номер | |
| LC control number | KNG00009065000 |
| 020 ## - Международен стандартен номер на книга ISBN | |
| Международен стандартен номер на книга ISBN | 954-668-010-9 |
| -- | издат.: Ланс |
| 040 ## - Източник на каталожния запис | |
| Идентификатор на билиотеката - собственик на записа | BLK |
| 041 ## - Код за език | |
| Код за езика на текст/звукозапис или на отделно заглавие | Български |
| Код за езика КДБФ | Български |
| 080 ## - УДК | |
| Текстов определител УДК | История на балканските държави |
| УДК код - определител по УДК | 94(497) |
| УДК определител | |
| УДК - код + определител | 94(497) |
| 080 ## - УДК | |
| Текстов определител УДК | Национални малцинства. Оптанти |
| УДК код - определител по УДК | 323.15 |
| УДК определител | (497) |
| УДК - код + определител | 323.15(497) |
| 100 1# - Редна дума - Автор | |
| Автор | Манчев, Кръстьо Геров |
| Авторска отговорност | първи автор |
| R(LIN) | 252857 |
| 139 ## - Редно поле | |
| Редна дума | Манчев, Кръстьо Геров |
| Авторски знак | Мант - М 28 |
| 245 10 - Сведения за заглавието | |
| Заглавие | Националният въпрос на Балканите |
| Редно поле (дума) | Кръстьо Геров Манчев. |
| 257 ## - Страна на издаване | |
| Страна на създаване/издаване | България |
| 260 ## - Област на издателските данни | |
| -- | София |
| Име на издателя, разпространителя и проч. | Ланс |
| Година на издаване | 1995 |
| Печатница | Хасково : Полиграфюг |
| 300 ## - Физическа характеристика | |
| Страници | 400 с. |
| Размери/Мащаб | 20 см |
| 380 ## - Жанр | |
| Жанр | История |
| 500 ## - Общи забележки | |
| Забележка | 1 000 тир. |
| 650 #4 - Допълнително описание по предмет – тема | |
| Основно описание – тема или топоним | Национален въпрос - балкански страни |
| 9 (RLIN) | 252858 |
| 650 #4 - Допълнително описание по предмет – тема | |
| Основно описание – тема или топоним | Национализъм - балкански страни |
| 9 (RLIN) | 252859 |
| 650 #4 - Допълнително описание по предмет – тема | |
| Основно описание – тема или топоним | Балкански държави - история |
| 9 (RLIN) | 250143 |
| 653 ## - Ключова дума – ненормативна | |
| Ключова дума | Балканите |
| 653 ## - Ключова дума – ненормативна | |
| Ключова дума | национализъм |
| 852 ## - Местоположение | |
| Форматна сигнатура | Цб 184278 |
| 856 4# - Електронен адрес и достъп | |
| Електронен формат | pdf - файл |
| Път до файла /url/ | |
| 856 4# - Електронен адрес и достъп | |
| Електронен формат | pdf - файл |
| Път до файла /url/ | |
| 942 ## - АРТИКУЛИ | |
| Вид на библиотечния материал | Книги |
| Скрит в OPAC | Не |
| Koha issues (borrowed), all copies | 1 |
| 944 ## - СЪЗДАВАНЕ И РЕДАКЦИЯ на ЗАПИСА | |
| Създаване/Редакция | Създаване |
| Дата на регистрацията/редакция | 15.01.2003 |
| Служител, извършил регистрацията/редакцията | Кети_Илиева |
| 944 ## - СЪЗДАВАНЕ И РЕДАКЦИЯ на ЗАПИСА | |
| Създаване/Редакция | Редакция |
| Дата на регистрацията/редакция | 26.08.2015 |
| Служител, извършил регистрацията/редакцията | Геновева_Генчева |
| 999 ## - СИСТЕМНИ КОНТРОЛНИ НОМЕРА | |
| Koha biblionumber | 7741 |
| Koha biblioitemnumber | 7741 |
| Код за отписване | Код за изгубен артикул | Източник на класификационната схема | Код за повреда | Коз за рестрикции | Код за отдаване | Артикулен № | Име на библиотеката - собственик | Име на библиотеката, в която се намира в момента | Статус (Текущо местоположение) | Дата на вписване в системата | Местоположение - отдел | Цена в лева | Инвентарен номер | Систематично азбучна сигнатура | Баркод | Номер на екземпляра | Цена в евро | Служебна бележка | Служебен тип на артикула | Бележка за публиката |
|---|---|---|---|---|---|---|---|---|---|---|---|---|---|---|---|---|---|---|---|---|
| Не е изгубен | Universal Decimal Classification | Не е повреден | без рестрикции | заемане за дома | 13358 | Регионална библиотека "Любен Каравелов" Русе | Регионална библиотека "Любен Каравелов" Русе | Заемна - подръчен фонд | 2001-01-01 | Заемна - подръчен фонд | 2.25 | 615311 | 94(497)/М 28 | 120000615311 | 1 | 1.15 | Дата инв: 07.02.2018 Бележки инв: П2018 | Книги | ||
| Не е изгубен | Universal Decimal Classification | Не е повреден | без рестрикции | ползва се в читалня | 13359 | Регионална библиотека "Любен Каравелов" Русе | Регионална библиотека "Любен Каравелов" Русе | Читалня | 2001-01-01 | Читалня | 2.25 | 615599 | Ч 93/94/М 28 К | 120000615599 | 2 | 1.15 | Дата инв: 28.03.2017 Бележки инв: Ч2017 | Книги | ||
| Изтеглен | Не е изгубен | Не е повреден | без рестрикции | заемане за дома | 13360 | Регионална библиотека "Любен Каравелов" Русе | Регионална библиотека "Любен Каравелов" Русе | 2001-01-01 | Заемна - подръчен фонд | 2.25 | 615600 | П 949.7/М 28 | 615600 | 3 | 1.15 | Книги | Отч.N: 3 , Дата: 17.01.2018 | |||
| Не е изгубен | Universal Decimal Classification | Не е повреден | без рестрикции | ползва се в читалня | 13361 | Регионална библиотека "Любен Каравелов" Русе | Регионална библиотека "Любен Каравелов" Русе | Хранилище | 2001-01-01 | Хранилище | 2.25 | 616779 | Цб 184278 | 120000616779 | 4 | 1.15 | Дата инв: 21.08.2014 Бележки инв: Цб2014 | Книги |